Advance Maths for general competitions / (Record no. 147362)

MARC details
000 -LEADER
fixed length control field 00972nam a22002297a 4500
005 - DATE AND TIME OF LATEST TRANSACTION
control field 20171113125910.0
008 - FIXED-LENGTH DATA ELEMENTS--GENERAL INFORMATION
fixed length control field 171113b xxu||||| |||| 00| 0 hin d
010 ## - LCCN (DPL NO)
LC control number 1516HN08 B-668377
020 ## - INTERNATIONAL STANDARD BOOK NUMBER
Terms of availability 400.00
International Standard Book Number 978819221747
035 ## - SYSTEM CONTROL NUMBER
System control number B-668377
037 ## - SOURCE OF ACQUISITION
Stock number DPL
Source of stock number/acquisition KKP/VEN
040 ## - CATALOGING SOURCE
Original cataloging agency DPL
Language of cataloging HN
082 ## - DEWEY DECIMAL CLASSIFICATION NUMBER
Classification number 510
100 ## - MAIN ENTRY--PERSONAL NAME
Personal name यादव, राकेश
245 ## - TITLE STATEMENT
Title Advance Maths for general competitions /
Statement of responsibility, etc राकेश यादव
260 ## - PUBLICATION, DISTRIBUTION, ETC. (IMPRINT)
Place of publication, distribution, etc दिल्ली
Name of publisher, distributor, etc Paramount Reader Pub
Date of publication, distribution, etc 2014
270 ## - ADDRESS
Address 704, मुखर्जी नगर
City दिल्ली
Postal code 110009
300 ## - PHYSICAL DESCRIPTION
Extent 388 पृ.
Dimensions 25 सेमी (अजिल्द)
500 ## - GENERAL NOTE
General note Indispensable for aal competitive exams
942 ## - ADDED ENTRY ELEMENTS (KOHA)
Source of classification or shelving scheme Dewey Decimal Classification
Item type Hindi Books
Classification part 510
Call number suffix यादव
Holdings
Withdrawn status Lost status Source of classification or shelving scheme Damaged status Not for loan Collection code Home library Current library Date acquired Source of acquisition Cost, normal purchase price Total Checkouts Total Renewals Full call number Barcode Date last seen Copy number Cost, replacement price Koha item type
    Dewey Decimal Classification     Non-fiction Ashok Vihar Ashok Vihar 13/11/2017 KKP/BL303/04-03-17/576/03-03-17/18-03-17 400.00 22 3 510 यादव B-668377 22/03/2024 1 400.00 Hindi Books

© Delhi Public Library
Hit Counter
free hit counter